书目信息 |
| 题名: |
中学历史复习指导
|
|
| 作者: | ;北京市海淀区教师进修学校 著 | |
| 分册: | ||
| 出版信息: | 北京 测绘出版社 1981 |
|
| 页数: | 400页 | |
| 开本: | 25cm | |
| 丛书名: | ||
| 单 册: | ||
| 中图分类: | G633.51 , G633.5 | |
| 科图分类: | ||
| 主题词: | 历史课--中学--教学参考资料 | |
| 电子资源: | ||
| ISBN: | ||
| 000 | 00772nam0 2200241 45 | |
| 001 | 0181009361 | |
| 005 | 20061103110714.73 | |
| 010 | @dCNY2.10 | |
| 091 | @a11039.194 | |
| 100 | @a19950614d1981 demy0chiy0121 ea | |
| 101 | 0 | @achi |
| 102 | @aCN@b110000 | |
| 105 | @ay z 000yy | |
| 200 | 10 | @a中学历史复习指导@Azhong xue li shi fu xi zhi dao@f北京市海淀区教师进修学校著@Fbei jing shi hai dian qu jiao shi jin xiu xue xiao zhu |
| 210 | @a北京@c测绘出版社@d1981 | |
| 215 | @a400页@d25cm | |
| 606 | @a历史课@x中学@x教学参考资料 | |
| 690 | @aG633.51@v4 | |
| 690 | @aG633.5@v3 | |
| 711 | 02 | @a北京市海淀区教师进修学校@Abei jing shi hai dian qu jiao shi jin xiu xue xiao@4著 |
| 801 | 2 | @aCN@bNLC@c20061103 |
| 801 | 0 | @aCN@bTSSF@c20060817 |
| 905 | @a10447@dG633.5@e362 | |
| 中学历史复习指导/北京市海淀区教师进修学校著.-北京:测绘出版社,1981 |
| 400页;25cm |
| ISBN :CNY2.10 |
| ● |
| 相关链接 |
|
|
|
|
正题名:中学历史复习指导
索取号:G633.5/362
 
预约/预借
| 序号 | 登录号 | 条形码 | 馆藏地/架位号 | 状态 | 备注 |
| 1 | 0054019 | 202435837 | 第一样本阅览室/ [索取号:G633.5/362] | 在馆 | |
| 2 | 0054020 | 202255442 | 密集书库/ [索取号:G633.5/362] | 在馆 | |
| 3 | 0054022 | 202465778 | 密集书库/ [索取号:G633.5/362] | 在馆 | |
| 4 | 0465404 | 204654043 | 密集书库/ [索取号:G633.5/362] | 在馆 | |
| 5 | 0471853 | 204718537 | 密集书库/ [索取号:G633.5/362] | 在馆 |